[Event "HUN-chT3"]
[Site "Hungary"]
[Date "1997.??.??"]
[Round "?"]
[White "Nogradi, Jozsef"]
[Black "Farkas, Jozsef"]
[Result "0-1"]
[WhiteElo "1700"]
[BlackElo "1765"]
[PlyCount "110"]
[EventDate "1997.??.??"]
[EventType "team"]
[EventRounds "13"]
[EventCountry "HUN"]
[SourceTitle "EXT 2001"]
[Source "ChessBase"]
[SourceDate "2000.11.22"]
[SourceVersion "1"]
[SourceVersionDate "2000.11.22"]
[SourceQuality "1"]

1. Nf3 d5 2. d4 Bf5 3. Nc3 e6 4. a3 Nf6 5. Bg5 Be7 6. h4 h6 7. Bf4 c6 8. Be5 Nbd7 9. Bh2 Ne4 10. Nxe4 dxe4 11. Ne5 Bxh4 12. g4 Bh7 13. Nxd7 Qxd7 14. Be5 f6 15. Rxh4 fxe5 16. dxe5 Qe7 17. Rh5 Bg6 18. Rh3 Rd8 19. Qc1 Qc5 20. Re3 Qxe5 21. c3 0-0 22. Rg3 Qf6 23. Qe3 b6 24. Bh3 Qe5 25. a4 Rd7 26. b4 Rd3 27. exd3 Qxc3+ 28. Qd2 Qxa1+ 29. Ke2 exd3+ 30. Rxd3 Bxd3+ 31. Qxd3 Qb2+ 32. Kd1 Qxf2 33. g5 Qf3+ 34. Qxf3 Rxf3 35. Bxe6+ Kf8 36. gxh6 gxh6 37. Kc2 h5 38. a5 h4 39. Bd7 c5 40. Bc6 Rg3 41. bxc5 bxc5 42. Kd2 Ke7 43. Ke2 Kd6 44. Bb7 Kc7 45. a6 Kb6 46. Kf2 Kb5 47. Bc8 c4 48. Ke2 c3 49. Kd1 Kb4 50. Kc2 h3 51. Bb7 Rg2+ 52. Kc1 Rg1+ 53. Kc2 h2 54. Be4 h1Q 55. Bxh1 Rxh1 0-1